Linear systems in communication and control
Guardat en:
| Autor principal: | |
|---|---|
| Altres autors: | |
| Format: | Llibre |
| Idioma: | English |
| Publicat: |
New York, New York : J. Wiley
1971
|
| Matèries: | |
| Etiquetes: |
Afegir etiqueta
Sense etiquetes, Sigues el primer a etiquetar aquest registre!
|
MARC
| LEADER | 00000nam a2200000Ia 4500 | ||
|---|---|---|---|
| 003 | L000501 | ||
| 005 | 20221231143943.0 | ||
| 008 | 140114s1971 nyua 000 ||eng d | ||
| 040 | |c cru CEDI | ||
| 082 | |a 620.7 F852L | ||
| 100 | |a Frederick, Dean K., 1934- |9 19497 | ||
| 245 | |a Linear systems in communication and control | ||
| 260 | |a New York, New York : J. Wiley |c 1971 | ||
| 300 | |a 575 páginas : ilustraciones | ||
| 650 | |x ANALISIS DE SISTEMAS |x CONTROL AUTOMATICO |9 897 | ||
| 700 | |9 19392 |a Carlson, A. Bruce, 1937- | ||
| 942 | |2 ddc |c BK | ||
| 999 | |c 14734 |d 14734 | ||
